Návrh riadenia pre jednoduchý tepelný systém s ohľadom na tvorbu digitálnej kópie

Saved in:
Bibliographic Details
Main Author: Cecko, Michal (Author)
Other Authors: Bartalský, Lukáš (Thesis advisor)
Format: Manuscript Book
Language:Slovak
Published: 2022
Subjects:
Online Access:http://is.stuba.sk/zp/portal_zp.pl?podrobnosti=165224
Tags: Add Tag
No Tags, Be the first to tag this record!

MARC

LEADER 00000ntm a22000003a 4500
001 stuzp89419
003 SK-STU
005 20240411140449.7
007 ta
008 150427s2015----xo-----f-mn---000-0-slo-d
040 |a STU  |b slo 
041 0 |a slo 
100 1 |a Cecko, Michal  |u 020020  |k Z4  |4 aut  |U SjF Strojnícka fakulta  |T SjF Ústav automatizácie, merania a aplikovanej informatiky  |X 63512  |U J0020  |Y 802  |7 63512 
242 0 1 |a Control design for a simple thermal system with regard to digital copying  |y eng 
245 1 0 |a Návrh riadenia pre jednoduchý tepelný systém s ohľadom na tvorbu digitálnej kópie 
260 |c 2022 
650 4 |a EPLAN Electric  |2 slo 
650 4 |a Arduino  |2 slo 
650 4 |a Ansys  |2 slo 
650 4 |a Matlab  |2 slo 
650 4 |a PDE toolbox  |2 slo 
650 4 |a digitálne dvojča  |2 slo 
650 4 |a Matlab  |2 eng 
650 4 |a PDE Toolbox  |2 eng 
650 4 |a digital twin  |2 eng 
650 4 |a EPLAN Electric  |2 eng 
650 4 |a Arduino  |2 eng 
650 4 |a Ansys  |2 eng 
700 1 |a Bartalský, Lukáš  |u 020020  |k Z1  |4 ths  |U SjF Strojnícka fakulta  |T SjF Ústav automatizácie, merania a aplikovanej informatiky  |X 57845  |U J0020  |Y 802  |7 A000057845 
856 4 |u http://is.stuba.sk/zp/portal_zp.pl?podrobnosti=165224 
996 |b 284J047489  |c J* 3611/DDP  |l JJSK  |s P  |a 0  |w stuzp89419_0001